000 01244cam a2200337 4500
008 000000n2002 000 0 eng u
020 _a0853087105
035 _a(Sirsi) u112364
050 _a346.4104342
100 _aFreedman, P.
245 _aService charges : law and practice.
250 _a3rd ed.
260 _aBristol
_bJordan
_c2002
300 _axxiii,339p.
_c25cm.
350 _a40
520 _aA new edition of this standard guide to the legal framework surrounding service charges which has been updated to include recent developments in case law, the impact of the Commonhold and Leasehold Reform Act 2002, and additional advice for social landlords on overriding leases.
520 _aSuperseded by fourth edition (L135350).
650 _aBUSINESS TENANCIES
650 _aCOMMONHOLD AND LEASEHOLD REFORM ACT 2002
650 _aOVERRIDING LEASES
650 _aOVERPAYMENT
650 _aRESERVE FUNDS
650 _aPROPERTY-RESIDENTIAL PROPERTY-RESIDENTIAL LANDLORD AND TENANT-RESIDENTIAL TENANCIES
650 _aSERVICE CHARGES
650 _aSINKING FUNDS
650 _aVALUE ADDED TAX
690 _aLandlord and tenant
_96252
700 _aShapiro, Eric F.
700 _aSlater, B.
942 _n0
999 _c101417
_d101417